| 000 | 00832nas a2200265 4500 | ||
|---|---|---|---|
| 001 | BR7701779 | ||
| 003 | BR-BrBNA | ||
| 005 | 20231205083140.0 | ||
| 007 | ta | ||
| 008 | 230509b bl.|||p| |||| 00| 00por d | ||
| 040 |
_aBR-BrBNA _bpor _cBiblioteca Nacional de Agricultura |
||
| 041 | _a(Pt) | ||
| 072 | _aF00 | ||
| 100 | 1 | _aSutili, V.R. | |
| 100 | 1 | _aBerlato, M.A. | |
| 100 | 1 | _aMatzenauer, R. (Instituto de Pesquisas Agronomicas, Porto Alegre, RS (Brazil)) | |
| 245 | 1 | _aEpocas de semeadura de milho para o Rio Grande do Sul [Zea mays; Brasil] | |
| 650 | _aProducao vegetal | ||
| 650 | _aMilho | ||
| 650 | _aSemeadura | ||
| 650 | _aRio Grande do Sul | ||
| 773 | 0 |
_tIPAGRO Informa (Brazil) _xISSN 0100-3410 _g(Aug 1977), (no. 107) p. 27-36 _wBR7701779 |
|
| 909 |
_a202311 _bLúcia _c55 _dLúcia Elande |
||
| 942 |
_2AGRIS _n0 _cANA |
||
| 999 |
_c96740 _d96740 |
||